Name Random Streamer Mode Names in Overwatch - Statistics

General Stats
  • This quiz has been taken 6 times
  • The average score is 8 of 15
Answer Stats
Hint Streamer Mode Name % Correct
The group Illari is part of 1ntiW4rrior
100%
Hanzo and Genji's last name 5him4d4
100%
A Halloween Moira Skin, named after a spirit in Irish Mythology B4NSH33
100%
Bio + A scottish tank hero BioHazard
100%
The Rebel gang group of Ashe and formerly Cassidy too D34DL0CK
100%
D.Va's sidekick in the Shooting Star cinematic + RULZ D43HYUNRULZ
100%
Reference to the old medals system of Overwatch 1, but instead of referring to damage, healing or elims, it's for deaths GoldDeaths
100%
Name of Mauga's Incendiary Chaingun GUNNY
100%
I hold + the key which you press forward with on PC IHOLDW
100%
Literally + someone who is low health Literally1
100%
The person who was assassinated by Widowmaker in "Alive" M0nd4tt4
100%
Moon + a common nickname for cats MoonKitty
100%
Peril + short form of "overpowered" + s P3r1l0Ps
100%
An archives game mode or an Overwatch comic name or Vendetta's friendly ult voice line: "___________ comes!" R3TR1BUT10N
100%
Acronym for Rest In Piece + a dominant meta in OW1 involving Brigitte RIPGOATS
100%
One of Ana's Aliases, it was the name of her now removed "double nano" perk SHR1KE
100%
Genus of monkeys + science. Reference to Winston SimianScience
100%
Who + Wuyang WH0YANG
100%
Wuyang's university name + menace Wux1ngM3nac3
100%
Latter half of the bane of a coffee shop in New Queen Street + Beans BeansonsBeans
50%
A scrapped hero animal who had a backpack that can make you fly + 47 JetpackC47
50%
Reference a popular one shot Ana only custom game. Named after a popular shooting sport Paintb4ll3r
50%
"Wait until you see me __ ___ _______" - Kiriko 0nMyB1kE
0%
A Laundry Detergent found on the map Midtown. Its Acronym is OwO 0xywash0verdrive
0%
12 + Roadhog's main ability. Reference to a popular custom game 12Hooks
0%
A guild in which Torbjörn and Brigitte are part of. Also the name of Bastion's passive ability 1RONCL4D
0%
Widowmaker's hero select quote from Overwatch 1 1SHOT1KILL
0%
Pure Gold + Female Monarch 24K4r4tQv33n
0%
"___ _____ ___ ___?" - D.Va (Hint: It starts with too) 2Spicy4U
0%
The announcer of the game 4TH3N4
0%
Opposite of defender's advantage 4tt4ck3r4dv4nt4g3
0%
Tricky + certain British hero 7ricky7racer
0%
What Lúcio says while speed boosting. Also the name of one of his major perks ACC3L3RANDO
0%
A word play on Acupuncture and puncher Acupuncher
0%
"What about Tracer? But I am _______ ______" - "No Mercy" by The Living Tombstone AlreadyTrac3r
0%
A Mei voice line. It's a word play on her name and an adjective Ameizing
0%
The God AI that caused the Omnic Crisis named after an Egyptian God + noob An00bis
0%
"___ _____ ___, chivalry is dead" - Doomfist ANDTHEYSAY
0%
Animation, but without the -tion + 3 letter word defined as a person who is enthusiastically devoted to something or someone AnimaFan
0%
Wuyang's sister + fan ANR4NzF4N
0%
A band within the OW universe AntlerAntler
0%
One of Lúcio's voice lines while using heal song AudioM3dic
0%
Lúcio's debut album auditiva
0%
Ashe's ult voice line B0BD0SMTHN
0%
Emongg's famous quote when Reinhardt lands an impactful Earthshatter B1GSL4M
0%
Text on Cassidy's belt + Frankie BAMFrankie
0%
Ana's Alias and Hero Title BASt3t
0%
BB + the support hero that caused GOATS BBBrig
0%
A type of mutated toad the Junkers eat BEEFToad
0%
An insult towards players who purposefully go for only body shots BodyshotBandit
0%
The code name for Overwatch 2 during its development or the name of a bar on Circuit Royal C4LYPSO
0%
Name of Illari's ultimate Capt1v35un
0%
"Cheers love, the _______ is ____" - Tracer CavalryHere
0%
The sound trains supposedly make, possible reference to the Conductor Reinhardt skin Ch00Ch00
0%
The name of Mauga's Volatile Chaingun CHACHA
0%
A popular copy pasta that originated from CS:GO CheckHimPC
0%
Illari's pet Llama name CHUN0
0%
Building in Powder Keg Mine ColdHardTrash
0%
An insult towards a person who often counter swaps, especially the enemy tank CounterswapCarl
0%
The Roman God of Love + s + arrow Cvpids4rrow
0%
A reference to a line of skins during Season 16, with Juno getting the mythic skin + er D0KIWATCHER
0%
Reaper's ultimate voice line D13D13D13
0%
Divine + x + architechts of hard light (also the name of a legendary Symmetra skin) D1V1NExARCHITECH
0%
Genji's favorite food, he also recommended Juno to try this dish out DinoNuggets
0%
Zen's E Ability, but without the "Orb of" part and replace the O with x DISCxRD
0%
Demon, but without the E + what a demon typically does. A reference to another member of the MEKA Squad DMONICPOSSESSOR
0%
Echo + the final part of Translocator. Reference to a voice line said by Lúcio when eliminating an enemy Sombra while inivisible ECH0xL0C8R
0%
Biggest fan of Orisa's creator EfisBiggestFan
0%
What chickens lay + German word for house. A reference to a café in New Queen Street EggHaus
0%
A main of a yet to be released Turkish hero? EmreMain
0%
A target that isn't difficult to kill EZTarget
0%
A reference to a movie poster in Midtown FACECLANK
0%
Opposite of last + to turn something off and on again FirstToReset
0%
Name mocking Tracer players who always miss their Pulse Bombs (cough cough PGE I see you) FloorPulser
0%
Free + the person who gave Hazard his body mods FreeTouchUps
0%
Bastion's bird + Bastion's number Ganymede54
0%
A reference to a redditor who falsely claimed to be banned for saying this word. It was subsequently added as a streamer mode name (Thank you Gavin) GarlicBread
0%
An hommage to a former blizzard employee, Patrick ________ Gladys
0%
Name of Mercy's Movement ability GuardianAngel
0%
The main antagonists of Dokiwatch H0LL0WH34RT
0%
One of Ana's aliases, also a legendary skin H0rus
0%
Name of Juno's mythic skin H34RTofH0P3
0%
A group Pharah is part of or a shape, like a cylindrical coil spring H3L1X
0%
Gang who took over Hanamura and Kanezaka after the shimadas + oh no Hashimotohno
0%
Scottish tank hero & ous + Wastrel HazardousWastrel
0%
The name of an Overwatch cinematic featuring Rein and Brig, also Season 15's name HONORxGLORY
0%
I miss + a tiebreaker feature that used to exist in Overwatch 1's first two competitive seasons and Capture the Flag IMissCoinToss
0%
A word play of "I smurf your peak", but water based ISurfYourPeak
0%
The group which Junker Queen is part of Junk3r
0%
The evil scientist portrayed by Junkrat in the famous Halloween game modes Junkenst31n
0%
First two words of Pharah's ultimate voice line JusticeR41N5
0%
The female monarch of a certain realm in Australia, but replace the "u" with "v" jvnkerqveen
0%
The predecessor of the above K1NGH0WL
0%
Short form of Kiriko's ult name K1tsune
0%
10th letter of the Greek Alphabet + someone who caps the point KAPPACAPPER
0%
A reference to the OWL trailer Krusher99
0%
Lifeweaver's ultimate voice line L1fePRTCTL1fe
0%
A brand of Lúcio themed cereal, briefly released by Kellogg's in 2018 Luc10h0h
0%
The place where the rodent hero comes from + the type of animal that rodent hero is M00nHamster
0%
Name of Brigitte's cat M1Tz1
0%
Japanese for "Not good enough!". A voice line often spammed by Genji, later added to Kiriko too. M4D4xM4D4
0%
Demonym for people from the red planet M4rti4n
0%
A type of pasta + glove. A glove full of it was used to make the sound effects of Moira’s mythic skin MacaroniGlove
0%
A famous Brigitte voice line involving her using her weapon on someone's head Mace2Face
0%
Mobile Exo-Force of the Korean Army + a tropical fruit MEKAMANGO
0%
Metal + Wuyang's best friend from Metal College MetalMing
0%
Mighty + Mobile Exo-Force of the Korean Army MightyMEKA
0%
Orisa's home town + hero. Either a reference to Orisa herself or to the first OW novel NumbaniHero
0%
A bot created by the Omnica Corporation OmnicaBot
0%
Sojourn's ultimate name + "ED" OVERCL0CKED
0%
A person who never leaves the payload PayloadPrincess
0%
Acronym of Winston's favorite food + lover PBLover
0%
Name of Hazard's group PHR34KZ
0%
A word play on "Pyromaniac". A reference to an interaction between Baptiste and Junkrat. PieWoeManiac
0%
Last part of D.Va's hero select quote from Overwatch 1 PLAY2WIN
0%
PLS USE ANA ULT ON ME PLSNANOME
0%
PLEASE USE MERCY'S E BUTTON ON ME PLSREZME
0%
Acronym of the highlight shown at the end of the game + Machine POTGMachine
0%
Pray thee L ratio, but the last two letters of pray are replaced with a single letter vowel PritheeLRatio
0%
Another way to call TS-1 from the Push maps PushBot
0%
A person who munches rocks (Venture) R0CKMNCHR
0%
Rebel was here, but replace the "b" with "v" and was with wuz R3v3lWuzH3r3
0%
Ramattra's omnic model name R4V4G3R
0%
R66 + The attacker's spawn building in this map has checkered patterns that look like it R66TeethGums
0%
A popular copypasta about Reaper ReaperGuyFromSide
0%
Sigma's Nano Boost voice line RELEASEM3
0%
Ramattra's friendly ultimate voice line RipEm2Pcs
0%
Acronym for Rest In Piece + an Italian member of Talon (Not Vendetta or her father) RIPVIALLI
0%
Name of an Overwatch Cinematic featuring D.Va Sh00tingSt4r
0%
English idiom for someone that is being foolish. Also a title that was awarded during April Fool's SillyGoose
0%
The fight jet plane Tracer flew during the army. Also a skin name for her Sl1pstr3am
0%
Reaper's soldier name Soldier24
0%
Where Winston is from + another way to say monkey Space4pe
0%
What Wrecking Ball does when he grapples around point + 2WIN SPIN2WIN
0%
Soldier's Overwatch skin name. Doomfist got a skin of the same name during Mirrorwatch Str1keC0mmander
0%
Another way to say "peak of a mountain" + synonym for team + 4EVa SummitSquad4Eva
0%
A weapon used in Russia during the Omnic Crisis Svyat0g0r
0%
The first part of the name of Lúcio's debut album Synaesthesia
0%
Reformulated "Reverse the Tide" T1DEREVERSER
0%
A reference to how the devs called Ramattra's style of tank prior to his launch T3MP0T4NK
0%
Rival faction to Overwatch + IsTops TalonIsTops
0%
The + Symmetra's occupation TheArchitech
0%
Thoughtful + female form of God ThoughtfulGoddess
0%
Morbin' Time, but it's a certain Swedish hero instead TorbinTime
0%
Name of the Push bot + fan TS1fan
0%
A reptile with a shell + Thomas TurtleThomas
0%
A variation of Sombra's April Fool's ultimate voice line UselessPropaganda
0%
Mercy's ultimate name V4lkyr13
0%
The company Symmetra works for VishkarCorpo0947
0%
"Long live the She-Wolf" in Italian VIVALALUPA
0%
A voice line which Hazard players often spam (hint: dog) W00FW00F
0%
The name of Widowmaker's gun W1dowsK1ss
0%
Winston plushie name W1nt0n
0%
the archeologist group that Venture is a part of Wayf1nder
0%
"Someone call the _______" - Mercy WH4MBUL4NCE
0%
A reference to the OWCS trailer Xander
0%
x + Pharah's suit name xRAPT0RA
0%
xX + when your identity is unknown & short form of differential + Xx xXAnonymityDiffXx
0%
xX + Reinhardt's affiliation before Overwatch + Xx xXCRU54D3RXx
0%
xX + Female Champion in Italian + Xx xXLaCaMpIoNeSsAXx
0%
xX + D.Va's ultimate voice line + Xx xXNerfThisXx
0%
Xx + "A perfect world is a ________ _______" (last two words only) + xX XxP3RF3CTPRIS0NxX
0%
xX + What Vendetta yields & opposite of sir + Xx xXSwordMadamXx
0%
x + Kiriko's hero title + x xY0K41x
0%
Moira's voice line: "Ah, ____ _____ _______" YouKnowYourself
0%
The zombie omnics in Junkenstein's revenge z0mn1c
0%
From nothing to being super popular or successful Zero2Hero
0%
No matching quizzes found
Score Distribution
Percent of People with Each Score
Percentile by Number Answered
Your Score History
You have not taken this quiz